[Event "57.Camp. Veneto Quarti di Finale"]
[Site "Santa Maria di Sala"]
[Date "1998.06.07"]
[Round "5"]
[White "Tiengo, Davide"]
[Black "Del Monaco, Andrea"]
[Result "1/2-1/2"]
[WhiteElo "1953"]
[BlackElo "1789"]
[Annotator "Gabriele Ballarin"]
[PlyCount "105"]
[EventDate "1998.06.05"]
[EventType "tourn"]
[EventRounds "6"]
[EventCountry "ITA"]

1. d4 d6 2. c4 f5 3. g3 Nf6 4. Bg2 g6 5. Nc3 Bg7 6. Nf3 O-O 7. O-O Nc6 8. d5 Ne5 9. Nxe5 dxe5 10. e4 f4 11. Qe2 g5 12. Rb1 a6 13. b4 Qe8 14. Rb3 Qg6 15. Na4 b6 16. c5 b5 17. Nc3 Nh5 18. g4 f3 19. Bxf3 Nf4 20. Bxf4 Rxf4 21. Kh1 Qf7 22. Nd1 a5 23. Ra3 a4 24. Rg1 Ba6 25. Rg3 Rf8 26. Kg2 Qg6 27. Rd3 R8f6 28. Rh3 Bc8 29. c6 Qf7 30. Rg3 Qf8 31. a3 Rd6 32. Nc3 Ba6 33. Qe3 Qb8 34. Ne2 Bc8 35. Qc5 h5 36. gxh5 g4 37. Bxg4 Rxg4 38. f3 Rh4 39. Rg5 Qb6 40. Qxb6 cxb6 41. Nc3 Rh6 42. Nxb5 R4xh5 43. Rxh5 Rxh5 44. Na7 Bh3+ 45. Kg3 Bh6 46. c7 Bf4+ 47. Kf2 Kf7 48. c8=Q Bxc8 49. Nxc8 Rxh2+ 50. Kg1 Rd2 51. Rc3 Rb2 52. Nxb6 Rb1+ 53. Kf2 1/2-1/2

[Event "57.Camp. Veneto Quarti di Finale"]
[Site "Santa Maria di Sala"]
[Date "1998.06.07"]
[Round "6"]
[White "Del Monaco, Andrea"]
[Black "Sanavio, Giancarlo"]
[Result "1/2-1/2"]
[WhiteElo "1789"]
[BlackElo "1627"]
[Annotator "Gabriele Ballarin"]
[PlyCount "94"]
[EventDate "1998.06.05"]
[EventType "tourn"]
[EventRounds "6"]
[EventCountry "ITA"]

1. d4 Nf6 2. c4 e6 3. Nc3 Bb4 4. e3 b6 5. Bd3 Bb7 6. Nf3 O-O 7. O-O c5 8. a3 cxd4 9. Nb5 Be7 10. exd4 d5 11. Nc3 Nc6 12. Bg5 Re8 13. Rc1 Rc8 14. Qe2 Qc7 15. Rfd1 dxc4 16. Bxc4 Ng4 17. Be3 Na5 18. Bd3 Bxf3 19. Qxf3 Qxh2+ 20. Kf1 Qh4 21. Ke2 Nb3 22. Rb1 Nf6 23. g3 Qg4 24. Qxg4 Nxg4 25. Ba6 Rcd8 26. Bc4 Na5 27. Bb5 Rf8 28. b4 Nb7 29. Rbc1 Nd6 30. Ba6 Nf5 31. Kf3 Ngxe3 32. fxe3 Bd6 33. Ne2 Bb8 34. Rh1 e5 35. Bd3 g6 36. Bxf5 gxf5 37. Rh5 e4+ 38. Kf2 Rd5 39. Rch1 Rfd8 40. Rxh7 Kf8 41. Rh8+ Ke7 42. Rxd8 Rxd8 43. Rc1 Kd7 44. Nf4 Rh8 45. Kg2 Bd6 46. Nd5 Ke6 47. Nf4+ Kd7 1/2-1/2

[Event "57.Camp. Veneto Quarti di Finale"]
[Site "Santa Maria di Sala"]
[Date "1998.06.07"]
[Round "6"]
[White "Zotti, Enrico"]
[Black "Tiengo, Davide"]
[Result "0-1"]
[WhiteElo "1722"]
[BlackElo "1953"]
[Annotator "Gabriele Ballarin"]
[PlyCount "104"]
[EventDate "1998.06.05"]
[EventType "tourn"]
[EventRounds "6"]
[EventCountry "ITA"]

1. e4 Nf6 2. e5 Nd5 3. d4 d6 4. f4 dxe5 5. fxe5 Nc6 6. Nf3 Bg4 7. Be2 e6 8. O-O Be7 9. a4 a5 10. Na3 Qd7 11. c3 f6 12. exf6 gxf6 13. Nc4 O-O-O 14. Qe1 Rhg8 15. Nh4 f5 16. Nf3 Bf6 17. Nce5 Bxe5 18. dxe5 Bxf3 19. Bxf3 Qg7 20. c4 Ndb4 21. Bxc6 bxc6 22. Qe2 Qg4 23. Qxg4 Rxg4 24. b3 Rd3 25. Rb1 Re4 26. Bf4 c5 27. g3 Nc6 28. Rfd1 Nxe5 29. Bxe5 Rxd1+ 30. Rxd1 Rxe5 31. Kf2 Re4 32. Rd3 Rd4 33. Rf3 Rd2+ 34. Ke3 Rxh2 35. Kf4 Kd7 36. Rd3+ Ke7 37. Re3 h6 38. Re5 Rf2+ 39. Ke3 Kd6 40. Rxe6+ Kxe6 41. Kxf2 Ke5 42. Ke3 f4+ 43. gxf4+ Kf5 44. Kf3 h5 45. Kg3 h4+ 46. Kxh4 Kxf4 47. Kh5 Kf5 48. Kh4 Ke4 49. Kg4 Kd4 50. Kf4 Kc3 51. Ke5 Kxb3 52. Kd5 Kb4 0-1

[Event "1.Open Magistrale Città di Padova"]
[Site "Padova"]
[Date "1998.12.17"]
[Round "6.13"]
[White "Ruzzier, Dario"]
[Black "Bianchi, Andrea"]
[Result "1-0"]
[WhiteElo "1856"]
[BlackElo "2000"]
[Annotator "Gabriele Ballarin"]
[PlyCount "73"]
[EventDate "1998.12.11"]
[EventType "swiss"]
[EventRounds "9"]
[EventCountry "ITA"]

{[%evp 0,68,80,63,58,-17,0,0,18,18,17,13,34,7,18,25,24,22,29,27,28,53,47,10,19,10,25,-3,-2,-16,-23,-63,-52,-36,-16,-7,22,39,96,109,89,114,108,110,180,195,195,195,184,180,167,184,159,167,194,173,139,156,190,155,207,207,209,195,423,427,433,429,429,448,1255]} 1. d4 d5 2. c4 e6 3. Nc3 Be7 4. Nf3 Nf6 5. Bg5 h6 6. Bh4 O-O 7. e3 b6 8. cxd5 Nxd5 9. Bxe7 Qxe7 10. Nxd5 exd5 11. Bd3 c5 12. O-O Be6 13. dxc5 bxc5 14. e4 d4 15. Nd2 Nc6 16. f4 f5 17. a3 Rab8 18. Qc2 Na5 19. exf5 Bd5 20. Rae1 Qd6 21. Re5 Kh8 22. Be4 Bxe4 23. Nxe4 Qb6 24. Qxc5 Qxc5 25. Rxc5 Nb3 26. Rd5 Rfe8 27. Re1 Rbc8 28. Re5 Red8 29. f6 d3 30. f7 Rf8 31. Re7 d2 32. Nxd2 Nxd2 33. Re8 Kh7 34. Rxc8 Rxc8 35. Re8 Rc1+ 36. Kf2 Rf1+ 37. Ke2 1-0

[Event "1.Open Magistrale Città di Padova"]
[Site "Padova"]
[Date "1998.12.19"]
[Round "8.11"]
[White "Astengo, Marcello"]
[Black "Rossato, Armando"]
[Result "0-1"]
[WhiteElo "1776"]
[BlackElo "1923"]
[Annotator "Gabriele Ballarin"]
[PlyCount "56"]
[EventDate "1998.12.11"]
[EventType "swiss"]
[EventRounds "9"]
[EventCountry "ITA"]

1. d4 Nf6 2. c4 e6 3. Nc3 Bb4 4. Bd2 b6 5. Nf3 Bb7 6. e3 d6 7. Qa4+ Nc6 8. d5 exd5 9. cxd5 Bxc3 10. Bxc3 Nxd5 11. Bb5 Nde7 12. Bxg7 Rg8 13. Bf6 a6 14. Bd3 Qd7 15. Rc1 Rxg2 16. Be4 Rg4 17. h3 b5 18. Bxc6 Rxa4 19. Bxd7+ Kxd7 20. Ke2 Nd5 21. Bg7 Re8 22. Ng5 Rg8 23. Bh6 Rxa2 24. Nxh7 Rxb2+ 25. Ke1 Rg2 26. Rf1 Nb4 27. Nf8+ Kc8 28. Rc3 Bf3 0-1

[Event "1.Open A Città di Padova"]
[Site "Padova"]
[Date "1998.12.12"]
[Round "1.1"]
[White "Palmieri, Vincenzo"]
[Black "Viola, Matteo"]
[Result "0-1"]
[WhiteElo "1600"]
[BlackElo "1877"]
[Annotator "Gabriele Ballarin"]
[PlyCount "72"]
[EventDate "1998.12.13"]
[EventType "swiss"]
[EventRounds "6"]
[EventCountry "ITA"]

1. e4 e5 2. Nf3 f5 3. Nxe5 Qf6 4. d4 d6 5. Nf3 fxe4 6. Ng5 d5 7. Nc3 c6 8. f3 h6 9. Nh3 Bxh3 10. Be3 Bf5 11. fxe4 dxe4 12. g4 Qh4+ 13. Bf2 Qxg4 14. Qxg4 Bxg4 15. Nxe4 Bf3 16. Ng3 Bxh1 17. Nxh1 Nd7 18. O-O-O O-O-O 19. Bh3 Bd6 20. d5 c5 21. Ng3 Ne7 22. Ne4 Bf4+ 23. Kb1 b6 24. d6 Nc6 25. Bh4 g5 26. Bg3 Bxg3 27. hxg3 Rhf8 28. Be6 Nd4 29. Bc4 Ne5 30. Ba6+ Kd7 31. b4 Kc6 32. c3 Nb5 33. c4 Nxd6 34. Bb5+ Nxb5 35. cxb5+ Kxb5 36. bxc5 Rxd1+ 0-1

[Event "1.Open A Città di Padova"]
[Site "Padova"]
[Date "1998.12.12"]
[Round "1.3"]
[White "Roccaro, Giovanni"]
[Black "Cecchetto, Vanni"]
[Result "0-1"]
[WhiteElo "1600"]
[BlackElo "1831"]
[Annotator "Gabriele Ballarin"]
[PlyCount "82"]
[EventDate "1998.12.13"]
[EventType "swiss"]
[EventRounds "6"]
[EventCountry "ITA"]

1. d4 d5 2. Nf3 Nf6 3. e3 g6 4. Bd3 Bg7 5. Nbd2 Nc6 6. c4 O-O 7. cxd5 Nxd5 8. Nc4 Bg4 9. Be2 Nf6 10. Nfe5 Bxe2 11. Qxe2 Qd5 12. f3 Nxe5 13. dxe5 Nd7 14. e4 Qc6 15. b3 b5 16. Nd2 Qc3 17. Rb1 Nxe5 18. O-O Nd3 19. Rd1 Rfd8 20. e5 Qxe5 21. Ne4 Nxc1 22. Rdxc1 f5 23. Ng3 Qxe2 24. Nxe2 Rd2 25. Nc3 Bd4+ 26. Kf1 Rf2+ 27. Ke1 Rxg2 28. Nxb5 Bb6 29. Nxc7 Rc8 30. Nd5 Rxc1+ 31. Rxc1 Rxa2 32. Nxb6 axb6 33. Rc8+ Kg7 34. Rb8 Rxh2 35. Rxb6 h5 36. b4 h4 37. b5 h3 38. Rb8 Rb2 39. Kf1 h2 40. Rh8 Rxb5 41. Rxh2 Rb1+ 0-1

[Event "1.Open A Città di Padova"]
[Site "Padova"]
[Date "1998.12.12"]
[Round "1.4"]
[White "Fragni, Enrico"]
[Black "Marinucci, Tonino"]
[Result "0-1"]
[WhiteElo "1822"]
[BlackElo "1597"]
[Annotator "Gabriele Ballarin"]
[PlyCount "72"]
[EventDate "1998.12.13"]
[EventType "swiss"]
[EventRounds "6"]
[EventCountry "ITA"]

1. d4 Nf6 2. f3 d5 3. Be3 e6 4. Bf2 Nbd7 5. e3 c5 6. c3 cxd4 7. cxd4 Bb4+ 8. Nc3 Qa5 9. Qb3 Nb6 10. Bd3 Bd7 11. a3 Bxc3+ 12. Qxc3 Qxc3+ 13. bxc3 Rc8 14. Ne2 O-O 15. O-O Nc4 16. Rfb1 Nb6 17. Be1 Ne8 18. Rb4 Nd6 19. a4 Bc6 20. Kf2 Nbc4 21. Nf4 Rfe8 22. Ra2 e5 23. dxe5 Rxe5 24. e4 a5 25. Rb1 dxe4 26. fxe4 Nxe4+ 27. Kg1 Ned6 28. Bf2 Ree8 29. Bd4 f6 30. Rf1 Ne5 31. Bc2 Ne4 32. Bb3+ Kh8 33. Re2 Nd6 34. Rfe1 Nec4 35. Nh5 b5 36. axb5 Bxb5 {Nur} 0-1

[Event "1.Open A Città di Padova"]
[Site "Padova"]
[Date "1998.12.12"]
[Round "1.5"]
[White "Opacic, Alexandar"]
[Black "Del Monaco, Andrea"]
[Result "1/2-1/2"]
[WhiteElo "1594"]
[BlackElo "1811"]
[Annotator "Gabriele Ballarin"]
[PlyCount "116"]
[EventDate "1998.12.13"]
[EventType "swiss"]
[EventRounds "6"]
[EventCountry "ITA"]

1. e4 c5 2. Nf3 Nc6 3. d4 cxd4 4. Nxd4 Nf6 5. Nc3 e5 6. Nb3 Bb4 7. Bc4 Nxe4 8. Bxf7+ Kxf7 9. Qd5+ Kf8 10. Qxe4 d5 11. Qf3+ Kg8 12. O-O Be6 13. a3 Bxc3 14. Qxc3 Rc8 15. Nc5 Qe7 16. Nxe6 Qxe6 17. Re1 h6 18. Qg3 Kh7 19. Bd2 Nd4 20. Rxe5 Ne2+ 21. Rxe2 Qxe2 22. Bc3 Qe7 23. Qd3+ Qe4 24. Qg3 Qg6 25. Qe5 Rhd8 26. Bd4 Qf7 27. c3 Re8 28. Qg3 a6 29. h3 Rc6 30. a4 Rg6 31. Qd3 Qe6 32. a5 Qe4 33. Qxe4 Rxe4 34. b4 Rd6 35. Rd1 g5 36. g3 h5 37. Kg2 g4 38. Rh1 Rh6 39. Be3 Rc6 40. Bd4 Kg6 41. hxg4 hxg4 42. Rb1 Rce6 43. Kf1 Kf5 44. b5 Rh6 45. Kg2 Re7 46. Rb4 Reh7 47. Kf1 Rh1+ 48. Ke2 Ra1 49. bxa6 bxa6 50. Bb6 Re7+ 51. Kd2 Ra2+ 52. Kd3 Ree2 53. Rf4+ Ke5 54. Be3 Re1 55. Bd4+ Kd6 56. Rxg4 Rxa5 57. Rg8 Raa1 58. Rg6+ Re6 1/2-1/2

[Event "1.Open A Città di Padova"]
[Site "Padova"]
[Date "1998.12.12"]
[Round "1.6"]
[White "Battiston, Alan Doris"]
[Black "Nagliati, Paolo"]
[Result "1-0"]
[WhiteElo "1800"]
[BlackElo "1591"]
[Annotator "Gabriele Ballarin"]
[PlyCount "103"]
[EventDate "1998.12.13"]
[EventType "swiss"]
[EventRounds "6"]
[EventCountry "ITA"]

{[%evp 0,102,24,46,75,73,56,73,78,64,47,28,32,17,50,16,33,13,32,-1,-33,-32,20,11,35,28,42,11,5,16,16,17,17,29,17,28,29,25,18,12,9,23,10,10,28,40,36,41,23,26,24,-20,-51,-236,-89,-91,-75,-103,-51,-56,-66,-93,-18,-36,6,-31,33,42,27,-35,-39,-209,-213,-211,-217,-274,-225,-215,-220,-222,-231,-235,63,79,110,98,25,119,159,155,155,-66,-66,-147,-204,-177,-192,-270,-275,-338,-222,-257,-220,-267,-193]} 1. e4 c6 2. d4 d5 3. e5 Bf5 4. Nf3 e6 5. Be2 Ne7 6. O-O Nd7 7. Nh4 Bg6 8. Nxg6 hxg6 9. g3 Nf5 10. c3 Be7 11. Nd2 c5 12. Nf3 Qb6 13. h4 cxd4 14. cxd4 O-O 15. b3 Rfc8 16. Bb2 Rc6 17. Qd3 a6 18. Rac1 Rac8 19. Kg2 Qa5 20. a4 Qb4 21. Rxc6 Rxc6 22. Rh1 Qb6 23. g4 Nh6 24. Ne1 Qc7 25. f4 Bb4 26. Kf1 Qa5 27. Nc2 Bd2 28. Ne3 Bc1 29. Bxc1 Rxc1+ 30. Nd1 Qc7 31. h5 gxh5 32. Rxh5 Qc2 33. Qxc2 Rxc2 34. Rh3 Rd2 35. Rc3 Rxd4 36. Rc7 Rxf4+ 37. Kg2 Nxe5 38. Rxb7 Nhxg4 39. Bxa6 Rd4 40. Be2 Rxd1 41. Bxd1 Ne3+ 42. Kg3 Nxd1 43. a5 Nc6 44. a6 Nc3 45. Rb6 Na7 46. b4 Ncb5 47. Kf4 Kh7 48. Ke5 Kg6 49. Rb7 Nc6+ 50. Kf4 e5+ 51. Kf3 f6 52. Rxb5 1-0

[Event "1.Open A Città di Padova"]
[Site "Padova"]
[Date "1998.12.12"]
[Round "1.7"]
[White "Pietrobelli, Domenico"]
[Black "Navarro, Emanuele"]
[Result "0-1"]
[WhiteElo "1591"]
[BlackElo "1786"]
[Annotator "Gabriele Ballarin"]
[PlyCount "76"]
[EventDate "1998.12.13"]
[EventType "swiss"]
[EventRounds "6"]
[EventCountry "ITA"]

1. e4 Nf6 2. Nc3 e5 3. Nf3 d6 4. Bc4 Be7 5. d3 O-O 6. Bg5 Nbd7 7. Qd2 c6 8. h4 b5 9. Bb3 a5 10. a4 b4 11. Nd1 Nc5 12. Bc4 d5 13. exd5 cxd5 14. Bb5 e4 15. Ne5 exd3 16. Nc6 Qd6 17. Nd4 dxc2 18. Bf4 cxd1=Q+ 19. Rxd1 Qb6 20. Nc6 Bd8 21. O-O Nce4 22. Qc1 Ba6 23. Be3 Qc7 24. Bf4 Qb6 25. Be3 Qb7 26. f3 Ng3 27. Qc5 Nxf1 28. Kxf1 Rc8 29. Nxd8 Rfxd8 30. Qb6 Bxb5+ 31. axb5 Qxb6 32. Bxb6 Rd7 33. Bxa5 Rc5 34. Bxb4 Rxb5 35. Rc1 h5 36. Bc3 d4 37. Bd2 Rxb2 38. Bg5 d3 0-1

[Event "1.Open A Città di Padova"]
[Site "Padova"]
[Date "1998.12.12"]
[Round "1.8"]
[White "Vianello, Enrico"]
[Black "Tomio, Dante"]
[Result "1-0"]
[WhiteElo "1756"]
[BlackElo "1587"]
[Annotator "Vianello Enrico"]
[PlyCount "69"]
[EventDate "1998.12.13"]
[EventType "swiss"]
[EventRounds "6"]
[EventCountry "ITA"]

1. d4 Nf6 2. Bg5 Ne4 3. Bf4 d6 4. f3 (4. Nd2 Nf6 5. e4 g6 6. e5 Nd5 7. Bg3 Bg7 8. Ngf3 O-O 9. Bc4 Nb6 10. Bb3 Nc6 11. O-O Bg4 12. h3 Bxf3 13. Nxf3 Na5 14. Qe1 Nxb3 15. axb3 Qd7 16. Qe4 d5 17. Qh4 h6 18. Rfe1 Qe6 19. Re3 a5 20. Rae1 a4 21. Bf4 g5 22. Nxg5 hxg5 23. Bxg5 Nc8 24. Rg3 f5 25. Bh6 Rf7 26. Qg5 f4 27. Rg4) 4... Nf6 5. e4 g6 6. Bd3 (6. Nc3 Bg7 7. Qd2 h5 (7... c6 8. g4 h5 9. g5 Nfd7 10. h4 Qb6 11. O-O-O a5 12. Be3 Qc7 13. f4 b5 14. e5 Nb6 15. exd6 Qxd6 16. d5 Nc4 17. Bxc4 bxc4 18. Bd4 O-O 19. Bxg7 Kxg7 20. Qd4+ Kh7 21. Qxc4 Ba6 22. Qe4) (7... Nc6 8. O-O-O a6 9. g4 Nd7 10. Be3 e5 11. Nge2 b5 12. d5 Na5 13. b3 Nb6 14. Ng3 Bd7 15. h4 h6 16. Bd3 c6 17. dxc6 Nxc6 18. Nce2 b4 19. g5 h5 20. f4 exf4 21. Nxf4 Bc3 22. Qf2) 8. O-O-O c6 9. Bd3 d5 10. e5 Ng8 11. h4 Nh6 12. g4 hxg4 13. h5 Nf5 14. h6 Bf8 15. fxg4 Nxd4 16. Bxg6 fxg6 17. Qxd4 Bxg4 18. e6 Rh7 19. Bxb8 Bxd1 20. Qd3 Qxb8 21. Qxg6+ Kd8 22. Kxd1 Qf4 23. Nge2 Qf3 24. Rh2 Rh8 25. h7 Kc7 26. Qg1 Rd8 27. Qd4 Qf1+ 28. Kd2 Qf6 29. Qxf6 exf6 30. Nf4 Bd6 31. Nce2 Be5 32. Rh6 Kd6 33. Ke3 Rde8 34. Ng3 Bxf4+ 35. Kxf4 Kxe6 36. Nh5 Ref8 37. Ng7+ Kf7 38. Nh5 Ke6 39. Ng7+ Kf7 40. Nh5 Ke7) 6... Bg7 7. Qd2 Nh5 8. Be3 e5 9. c3 Nc6 10. g4 Nf6 11. Ne2 Bxg4 12. fxg4 Nxg4 13. Bg5 f6 14. Be3 O-O 15. h3 Nxe3 16. Qxe3 exd4 17. Nxd4 Nxd4 18. Qxd4 f5 19. Qc4+ Kh8 20. exf5 Qe7+ 21. Kd1 Rae8 22. Nd2 Qe3 {per ritiro} 23. Kc2 d5 24. Qxd5 c6 25. Qf3 Qxf3 26. Nxf3 Re3 27. Nh4 Rd8 28. Rad1 Bf6 29. Ng2 Rg3 30. Nf4 Bg5 31. Ne6 Rg2+ 32. Kb3 Rd5 33. Nxg5 Rxg5 34. f6 b5 35. Be4 1-0

[Event "1.Open A Città di Padova"]
[Site "Padova"]
[Date "1998.12.12"]
[Round "1.9"]
[White "Moschini, Costantino"]
[Black "De Bortoli, Maicol"]
[Result "1/2-1/2"]
[WhiteElo "1579"]
[BlackElo "1744"]
[Annotator "Gabriele Ballarin"]
[PlyCount "65"]
[EventDate "1998.12.13"]
[EventType "swiss"]
[EventRounds "6"]
[EventCountry "ITA"]

1. d4 Nf6 2. Nf3 e6 3. Bg5 b6 4. e3 Bb7 5. Bd3 h6 6. Bh4 Be7 7. Nbd2 d5 8. Qe2 O-O 9. Ne5 Nbd7 10. f4 c5 11. c3 c4 12. Bc2 b5 13. g4 Nxe5 14. fxe5 Nd7 15. Bxe7 Qxe7 16. h4 f6 17. Nf3 fxe5 18. g5 e4 19. Nh2 Rf5 20. O-O-O Kh7 21. gxh6 gxh6 22. Rdf1 Raf8 23. Ng4 Qf7 24. Rxf5 Qxf5 25. Bd1 Bc8 26. Nh2 e5 27. Rf1 Qe6 28. Rxf8 Nxf8 29. Qh5 Qf6 30. Qe8 Bd7 31. Ng4 Bxg4 32. Bxg4 Qf1+ 33. Bd1 1/2-1/2

[Event "1.Open A Città di Padova"]
[Site "Padova"]
[Date "1998.12.12"]
[Round "1.10"]
[White "Zanirato, Stefano"]
[Black "Saponara, Nicola"]
[Result "1-0"]
[WhiteElo "1740"]
[BlackElo "1576"]
[Annotator "Gabriele Ballarin"]
[PlyCount "81"]
[EventDate "1998.12.13"]
[EventType "swiss"]
[EventRounds "6"]
[EventCountry "ITA"]

1. Nf3 d5 2. d3 c5 3. c3 Nc6 4. Qc2 e5 5. e4 d4 6. Be2 Be7 7. O-O f5 8. Re1 fxe4 9. dxe4 Nf6 10. Bb5 Bd7 11. Nbd2 Qc7 12. Nc4 Bd6 13. cxd4 Nxd4 14. Nxd4 cxd4 15. Qa4 O-O 16. Bg5 Bc6 17. Bxc6 bxc6 18. Rac1 Rfc8 19. b4 Rab8 20. a3 Rb7 21. Na5 Rb6 22. Qb3+ Kf8 23. Qf3 Qe7 24. Qf5 Rc7 25. Nc4 Rbb7 26. f4 Rb5 27. Nxd6 Qxd6 28. fxe5 Qxe5 29. Qxe5 Rxe5 30. Bf4 Nd7 31. Rcd1 c5 32. bxc5 Rexc5 33. Bxc7 Rxc7 34. Rxd4 Ke7 35. Red1 Ke6 36. R1d2 Nc5 37. Rc2 g6 38. Rdc4 Kd6 39. e5+ Kd5 40. e6 Nxe6 41. Rxc7 1-0

[Event "1.Open A Città di Padova"]
[Site "Padova"]
[Date "1998.12.12"]
[Round "1.11"]
[White "Busà, Michele"]
[Black "Zotti, Enrico"]
[Result "0-1"]
[WhiteElo "1567"]
[BlackElo "1725"]
[Annotator "Gabriele Ballarin"]
[PlyCount "88"]
[EventDate "1998.12.13"]
[EventType "swiss"]
[EventRounds "6"]
[EventCountry "ITA"]

1. Nf3 Nf6 2. g3 g6 3. Bg2 Bg7 4. d4 O-O 5. O-O d6 6. c4 c6 7. Nc3 Qc7 8. h3 e5 9. e4 Nbd7 10. Be3 exd4 11. Bxd4 Ne5 12. Nd2 Be6 13. Bxe5 dxe5 14. Qe2 Rad8 15. Rfd1 Rd4 16. Nf3 Bxc4 17. Qe3 Rxd1+ 18. Rxd1 b6 19. b3 Be6 20. Qg5 Nh5 21. Qd2 h6 22. Bf1 Kh7 23. Qd6 Qxd6 24. Rxd6 Rc8 25. Ba6 Rc7 26. Kh2 Bf6 27. Ne2 Be7 28. Rd1 f6 29. Nh4 Rd7 30. Rxd7 Bxd7 31. Bc4 f5 32. Bf7 Bxh4 33. exf5 Bxf5 34. gxh4 Bd7 35. Ng3 Nf4 36. Ne4 Kg7 37. Bc4 Bxh3 38. Nd6 b5 39. Bf7 Be6 40. Be8 Bd5 41. Nc8 a6 42. Ne7 c5 43. Bxg6 Bxb3 44. axb3 Nxg6 0-1

[Event "1.Open A Città di Padova"]
[Site "Padova"]
[Date "1998.12.12"]
[Round "1.12"]
[White "Boscolo, Fabio"]
[Black "Navarro, Stefano"]
[Result "1/2-1/2"]
[WhiteElo "1714"]
[BlackElo "1567"]
[Annotator "Gabriele Ballarin"]
[PlyCount "148"]
[EventDate "1998.12.13"]
[EventType "swiss"]
[EventRounds "6"]
[EventCountry "ITA"]

{[%evp 0,116,24,-20,-12,-27,-23,-18,-27,-27,-13,-23,-10,-87,-93,-99,-86,-145,-35,-31,-39,-36,-26,-34,4,-78,-26,-86,-84,-104,-37,-53,56,17,20,6,11,-2,4,0,7,-12,1,-9,-12,1,0,0,0,-33,-41,-16,-1,-39,-22,-24,0,0,0,-38,61,23,-4,-11,-13,-14,55,32,57,14,37,0,89,134,101,14,131,136,136,14,136,16,33,0,12,0,0,0,0,-63,0,-17,-51,-7,-5,-1,-7,-13,0,0,0,0,21,21,72,77,75,56,50,56,135,76,76,69,66,72,175,143,170]} 1. c4 e5 2. e4 Nf6 3. Nc3 Bc5 4. Be2 Nc6 5. d3 h6 6. f4 d6 7. h3 Be6 8. Bd2 Qe7 9. f5 Bd7 10. Nf3 Nd4 11. Rf1 Nxe2 12. Nxe2 b5 13. b3 O-O 14. g4 Nh7 15. Qc1 f6 16. h4 bxc4 17. bxc4 Rab8 18. Be3 Bxe3 19. Qxe3 Rb7 20. Rg1 Rfb8 21. g5 Rb1+ 22. Kf2 Rxa1 23. Rxa1 fxg5 24. hxg5 Nxg5 25. Qxa7 Rc8 26. Qe3 Nxf3 27. Qxf3 Qh4+ 28. Qg3 Qxg3+ 29. Kxg3 Rb8 30. Kf3 Ra8 31. Nc3 Ra3 32. Rc1 Bc6 33. Ke3 Kf7 34. Rc2 Ba4 35. Rc1 Ke7 36. Nd5+ Kf7 37. Nc3 Ke7 38. Nd5+ Kf7 39. Nc3 Ke7 40. Kd2 Bc6 41. Kc2 Ra8 42. Rg1 Kf6 43. Kb3 Rb8+ 44. Ka3 Ra8+ 45. Kb4 Rb8+ 46. Nb5 Bd7 47. Ka4 Ra8+ 48. Kb4 Rb8 49. a4 c6 50. Rg6+ Kf7 51. Rxd6 Ke7 52. Rg6 Kf7 53. Kc5 cxb5 54. axb5 h5 55. Kd6 Bxb5 56. cxb5 Rxb5 57. Rg5 Rb3 58. Rxh5 Rxd3+ 59. Kxe5 Ra3 60. Rh2 Ra6 61. Rb2 Ra5+ 62. Kf4 Ra6 63. Rc2 g6 64. Rc7+ Kf8 65. e5 gxf5 66. Kxf5 Rh6 67. e6 Ke8 68. Ra7 Rh1 69. Rg7 Rf1+ 70. Ke5 Re1+ 71. Kf6 Rf1+ 72. Kg6 Rg1+ 73. Kf6 Rxg7 74. Kxg7 Ke7 1/2-1/2

[Event "1.Open A Città di Padova"]
[Site "Padova"]
[Date "1998.12.12"]
[Round "1.13"]
[White "Crestani, Federico"]
[Black "Sinato, Fabrizio"]
[Result "0-1"]
[WhiteElo "1564"]
[BlackElo "1710"]
[Annotator "Gabriele Ballarin"]
[PlyCount "76"]
[EventDate "1998.12.13"]
[EventType "swiss"]
[EventRounds "6"]
[EventCountry "ITA"]

{[%evp 0,74,24,21,25,-4,27,38,31,35,38,41,37,37,49,44,50,48,55,33,35,34,61,49,56,26,23,18,1,4,21,9,76,67,64,81,43,37,34,29,19,19,99,42,55,4,18,0,0,-8,0,-123,46,-11,57,46,0,0,93,0,-84,-149,53,0,0,-157,-181,-268,-84,-186,-206,-206,-217,-632,-183,-355,-330]} 1. d4 Nf6 2. c4 c5 3. d5 d6 4. Nc3 g6 5. Nf3 Bg7 6. e4 Nbd7 7. h3 O-O 8. Be2 a6 9. a4 b6 10. Be3 Qc7 11. Qd2 Bb7 12. g4 e6 13. g5 Nh5 14. Nh4 exd5 15. exd5 Rfe8 16. Bxh5 gxh5 17. Nf5 Ne5 18. Qe2 Qd7 19. Nxg7 Kxg7 20. Ne4 Re7 21. Nf6 Qf5 22. O-O-O h4 23. b3 b5 24. Qb2 Kf8 25. Qe2 Nf3 26. Nxh7+ Kg7 27. Nf6 bxa4 28. Qb2 Kg6 29. bxa4 Bc8 30. Nh5 Re5 31. Nf4+ Kh7 32. g6+ fxg6 33. Qb6 Qd7 34. Bxc5 Re4 35. Bxd6 Rxc4+ 36. Kb1 Ra7 37. Nxg6 Kxg6 38. Be5+ Kh5 {Nur} 0-1

[Event "1.Open A Città di Padova"]
[Site "Padova"]
[Date "1998.12.12"]
[Round "1.14"]
[White "Favero, Graziano"]
[Black "Quaranta, Gaetano"]
[Result "1-0"]
[WhiteElo "1705"]
[BlackElo "1558"]
[Annotator "Gabriele Ballarin"]
[PlyCount "87"]
[EventDate "1998.12.13"]
[EventType "swiss"]
[EventRounds "6"]
[EventCountry "ITA"]

1. e4 c5 2. Nf3 e6 3. d4 cxd4 4. Nxd4 Nc6 5. Be3 Qc7 6. Nc3 a6 7. Be2 Nf6 8. O-O d6 9. f4 Be7 10. Qe1 Nxd4 11. Bxd4 O-O 12. Kh1 b5 13. Qg3 g6 14. e5 Nd7 15. f5 dxe5 16. fxg6 hxg6 17. Bd3 Kg7 18. Be4 Bd6 19. Be3 Bb7 20. Bh6+ Kg8 21. Bxg6 Kh8 22. Bxf8 Nxf8 23. Qh4+ Kg8 24. Bxf7+ Qxf7 25. Rxf7 Kxf7 26. Rf1+ Ke8 27. Ne4 Bxe4 28. Qxe4 Rd8 29. Qc6+ Ke7 30. Rd1 Ng6 31. Qxa6 Nh8 32. Qxb5 Nf7 33. a4 Rh8 34. Qb7+ Ke8 35. a5 e4 36. h3 Rh7 37. Rxd6 Rxh3+ 38. gxh3 Nxd6 39. Qb8+ Ke7 40. a6 e3 41. Kg2 Ne4 42. Kf3 e2 43. Kxe2 Nd6 44. Qc7+ 1-0

[Event "1.Open A Città di Padova"]
[Site "Padova"]
[Date "1998.12.12"]
[Round "1.15"]
[White "Carlassara, Renato"]
[Black "Roberti, Ignazio"]
[Result "0-1"]
[WhiteElo "1555"]
[BlackElo "1700"]
[Annotator "Gabriele Ballarin"]
[PlyCount "40"]
[EventDate "1998.12.13"]
[EventType "swiss"]
[EventRounds "6"]
[EventCountry "ITA"]

1. e4 e5 2. Nf3 Nc6 3. d4 exd4 4. Nxd4 Bc5 5. Be3 Qf6 6. Nb5 Bxe3 7. fxe3 Qe5 8. Qd5 Qxb2 9. Bc4 Nh6 10. Nxc7+ Kd8 11. Nxa8 Qxa1 12. O-O Qe5 13. Nd2 b6 14. Bb5 Qxd5 15. exd5 Ne5 16. d6 f6 17. Bc4 Nhf7 18. Bxf7 Nxf7 19. Nc7 Nxd6 20. Nd5 Bb7 0-1

[Event "1.Open A Città di Padova"]
[Site "Padova"]
[Date "1998.12.12"]
[Round "1.16"]
[White "Pagin, Giacomo"]
[Black "Carletto, Biagio"]
[Result "1-0"]
[WhiteElo "1699"]
[BlackElo "1555"]
[Annotator "Gabriele Ballarin"]
[PlyCount "101"]
[EventDate "1998.12.13"]
[EventType "swiss"]
[EventRounds "6"]
[EventCountry "ITA"]

1. e4 d6 2. d4 Nf6 3. Nc3 g6 4. f4 Bg7 5. Nf3 O-O 6. Bc4 Nc6 7. h3 Nd7 8. d5 Na5 9. Be2 Bxc3+ 10. bxc3 Nc5 11. Qd4 f5 12. e5 c6 13. c4 Ne4 14. Rb1 Ng3 15. Rg1 Nxe2 16. Kxe2 c5 17. Qc3 b6 18. Bb2 Ba6 19. exd6 Rf6 20. Kf2 Qxd6 21. Ne5 Rd8 22. Rbd1 Nxc4 23. Nxc4 Qxf4+ 24. Qf3 Qxc4 25. Bxf6 exf6 26. Rd2 Bb7 27. Rgd1 Re8 28. Qd3 Qh4+ 29. Qg3 Qc4 30. Qd3 Qf4+ 31. Qf3 Qd6 32. Re2 Re5 33. c4 Kf7 34. Rde1 Ba6 35. Qd3 h5 36. Kg1 h4 37. Qc3 Rxe2 38. Rxe2 Qf4 39. Qe1 g5 40. Re7+ Kg6 41. Rxa7 Qd4+ 42. Kh1 g4 43. Rxa6 g3 44. Rxb6 Qf2 45. Re6 f4 46. Re2 Qd4 47. Rd2 Qxc4 48. Qe2 Qc3 49. Qd3+ Qxd3 50. Rxd3 Kf7 51. Rc3 1-0